Statistiques concernant Connaissances générales en sciences - Choix multiple

Cliquez ici pour prendre le quiz!

Statistiques générales

  • Ce quiz a été pris 1 352 fois
  • Le résultat moyen est 7 sur 25

Statistiques - réponses

QuestionRéponse% Correct
La vraie image est toujoursInversé
55%
Travail effectué lorsque l'angle entre le déplacement et la direction de la force est de 90 degrés.0
51%
En condition d'équilibre, la somme des moments dans le sens antihoraire est égale àsomme des moments dans le sens des aiguilles d'une montre
48%
S.I. unité de conductance estsiemen
44%
Lequel des énoncés suivants est correct?La somme de l'énergie potentielle et cinétique est constante
43%
Les vibrations d'amplitude décroissante sontAmorti
42%
Père de la génétiqueGregor Mendel
38%
Un autre terme pour canal spermatique estCanal déférent
30%
Lequel des éléments suivants est une hypothèse prise par un observateur?Force centrifuge
30%
La combinaison de deux noyaux légers est appelée ____ sur laquelle repose ________.Fusion nucléaire, bombe à hydrogène
29%
Un équilibre physique est un exemple deLevier de classe I
25%
Lequel des éléments suivants a la plus grande affinité électronique?Chlore
24%
Dans le cas d'une lentille convexe, l'image est formée à l'infini quand l'objet est àPremier foyer
22%
La phase photochimique de la photosynthèse a lieu dansThylakoïdes
22%
Considérant l'électrolyse, lequel des énoncés suivants est faux?La cathode est une électrode oxydante
20%
Les isotones a / a mêmeNombre de neutrons
20%
Élimination d'une β - cause des particulesNombre atomique diminué d'un
19%
Augmentation du nombre de RBC estPolycythémie
18%
La fabrication d'ammoniac est effectuée par lequel des processus suivants?Processus de Haber
18%
Lequel des suivants est connu comme Aqua Fortis?Acide nitrique
17%
Lequel des éléments suivants ne correspond pas à une résistance ohmique?Cellule photovoltaïque
16%
Des hormones qui favorisent la domination apicaleAuxins
15%
Bonding present in NH4Cl includesIonique, co-valent et coordonné
14%
Lequel des suivants est un gaz coloré?Dioxyde d'azote
11%
Lequel des énoncés suivants est erroné lié à la réaction suivante

N2 + 3H2 -> 2NH3

Haute température
11%

Distribution des résultats

Percentile par nombre de réponses

% des personnes avec chaque résultat

Votre développement - résultats

Vous n’avez pas pris ce quiz